000
00337nam a22001217a 4500
040
_c
HS
082
_a
660
100
_a
ឆៃ សារ៉ាន់
245
_a
ការងារវិស្ចកម្មព្រៃឈើ Forest enginnering work
260
_a
RUA
_b
ឆៃ សារ៉ាន់
_c
2009
300
_a
62p;
942
_c
KB
999
_c
9162
_d
9162